Механика процессов сборки резинотканевых конвейерных лент

গ্রন্থ-পঞ্জীর বিবরন
প্রধান লেখক: Монастырский Д. Ш. Дмитрий Шалимович
সংস্থা লেখক: Ленинградский институт текстильной и легкой промышленности
ভাষা:রুশ
প্রকাশিত: Ленинград, Изд-во ЛГУ, 1989
বিষয়গুলি:
বিন্যাস: MixedMaterials গ্রন্থ
KOHA link:https://koha.lib.tpu.ru/cgi-bin/koha/opac-detail.pl?biblionumber=251709

MARC

LEADER 00000nam0a2200000 4500
001 251709
005 20231101232700.0
010 |a 5283000816 
020 |a RU  |b 89-14150 
035 |a (RuTPU)RU\TPU\book\274017 
090 |a 251709 
100 |a 20140224d1989 k y0rusy5003 ca 
101 0 |a rus 
102 |a RU 
105 |a y z 001zy 
200 1 |a Механика процессов сборки резинотканевых конвейерных лент  |f Д. Ш. Монастырский  |g Ленинградский институт текстильной и легкой промышленности 
210 |a Ленинград  |c Изд-во ЛГУ  |d 1989 
215 |a 193 с.  |c ил.  |d 20 см 
320 |a Библиогр.: с. 185-191 (100 назв.). 
606 1 |a Конвейерные ленты резинотканевые  |x Соединения  |2 stltpush  |3 (RuTPU)RU\TPU\subj\15208  |9 41470 
610 1 |a сборка 
610 1 |a дублирование 
610 1 |a механика 
610 1 |a растяжение 
610 1 |a изгиб 
610 1 |a прикладные исследования 
610 1 |a качество 
610 1 |a совершенствование 
675 |a 678.4.06  |z rus  |v 3 
700 1 |a Монастырский  |b Д. Ш.  |g Дмитрий Шалимович 
712 0 2 |a Ленинградский институт текстильной и легкой промышленности  |2 stltpush  |3 (RuTPU)RU\TPU\col\19570 
801 0 |a RU  |b RuMRKP  |c 19950417  |g psbo 
801 1 |a RU  |b 63413507  |c 20140224 
801 2 |a RU  |b 63413507  |c 20140407  |g RCR 
942 |c BK